Survey of woodworking plants in Peninsular Malaysia 1979-1980

Bibliographic Details
Main Author: SIM
Corporate Author: Institut Penyelidikan Perhutanan Malaysia (FRIM)
Other Authors: Mohd Arshad Saru
Format: Book
Published: Kuala Lumpur : Forestry Department Peninsular Malaysia , 1982
Series:Research pamphlet ; no. 85
Subjects:

MARC

LEADER 00000cam a2200000 7i4500
001 0000003002
005 20040331.0
090 0 0 |a RP 674.095951   |b SIM 1982 
100 1 0 |a SIM   |h Heok Choh 
245 1 0 |a Survey of woodworking plants in Peninsular Malaysia 1979-1980   |c by Sim Heok Choh and Mohd Arshad Saru 
260 0 0 |a Kuala Lumpur :   |b Forestry Department Peninsular Malaysia ,   |c 1982 
300 |a 42 p. ;   |c 30 cm. 
440 0 0 |a Research pamphlet ; no. 85 
650 0 0 |a Woodworking industries   |z Peninsular Malaysia 
700 0 1 |a Mohd Arshad Saru 
710 1 1 |a Institut Penyelidikan Perhutanan Malaysia (FRIM) 
998 |a JPSM 
999 |a 0000005317   |b Monograph   |c Open Shelf   |e Default branch 
999 |a 0000005318   |b Monograph   |c Open Shelf   |e Default branch 
999 |a 0000005319   |b Monograph   |c Open Shelf   |e Default branch